| Tag |
First Indicator |
Second Indicator |
Subfields |
| LEADER |
00000cam a2200000I 4500 |
| 001 |
in00001840407 |
| 005 |
20151026082625.0 |
| 008 |
741120s1972 bccab b 000 0 eng d |
| 035 |
|
|
|a (OCoLC)ocm01081857
|
| 040 |
|
|
|a RRR
|c RRR
|d OCL
|d TXA
|d UtOrBLW
|
| 049 |
|
|
|a TXAM
|
| 090 |
|
|
|a GC167.N67
|b H65 1972
|
| 100 |
1 |
|
|a Hollister, H. J.
|
| 245 |
1 |
0 |
|a Sea surface temperatures and salinities at shore stations on the British Columbia coast, 1914-1970 /
|c by H.J. Hollister and A.M. Sandnes.
|
| 264 |
|
1 |
|a Victoria, B.C. :
|b Marine Sciences Directorate, Pacific Region,
|c 1972.
|
| 300 |
|
|
|a iii, 93 pages :
|b illustrations, map. ;
|c 28 cm.
|
| 336 |
|
|
|a text
|b txt
|2 rdacontent
|
| 337 |
|
|
|a unmediated
|b n
|2 rdamedia
|
| 338 |
|
|
|a volume
|b nc
|2 rdacarrier
|
| 490 |
1 |
|
|a Pacific marine science report ;
|v 72-13
|
| 504 |
|
|
|a Includes bibliographical references.
|
| 650 |
|
0 |
|a Ocean temperature
|z North Pacific Ocean.
|
| 650 |
|
0 |
|a Salinity
|z North Pacific Ocean.
|
| 700 |
1 |
|
|a Sandnes, A. M.,
|e author.
|
| 830 |
|
0 |
|a Pacific marine science report ;
|v 72-13.
|
| 948 |
|
|
|a cataloged
|b h
|c 2004/8/5
|d c
|e mphillip
|f 1:58:11 pm
|
| 994 |
|
|
|a E0
|b TXA
|
| 999 |
|
|
|a MARS
|
| 999 |
f |
f |
|s c2fb7f27-3879-30a7-abcd-7fbabb274c95
|i 18887cfa-5f4f-3d69-86b1-7d9202bb08e6
|t 0
|
| 952 |
f |
f |
|p ric
|a Texas A&M University
|b Rellis Campus
|c Joint Library Facility
|d Remote Storage
|t 0
|e GC167.N67 H65 1972
|h Library of Congress classification
|i unmediated -- volume
|m A14832060732
|
| 998 |
f |
f |
|a GC167.N67 H65 1972
|t 0
|l Remote Storage
|